000 00665cab a2200205 4500
001 ABS41234
008 090401t1988 xxu||||| |||| 00| 0 eng d
035 _a(Sirsi) u29021
041 _aeng
100 _aMarshall, R.
245 _aAgricultural policy development in Britain
260 _c1988
350 _a0
490 _aTown Planning Review
_v59(4) October 1988, 419-435(17)
520 _aWith emphasis on conservation and changing land use this article focuses on the advantages of extending planning control over agricultural projects and on forestry policy.
650 _aFARMING
690 _aRURAL PRACTICE
942 _n0
948 _c04/03/1997
999 _c19532
_d19532